| 000 | 00604cam a22002051 4500 | ||
|---|---|---|---|
| 001 | ne 64001179 | ||
| 003 | DLC | ||
| 005 | 20260227111759.0 | ||
| 008 | 890917s1962 xx 000 0 ara | ||
| 010 | _ane 64001179 | ||
| 035 | _a(OCoLC)23497775 | ||
| 040 |
_aDLC _cMiU _dDLC |
||
| 042 | _apremarc | ||
| 050 | 0 | 0 |
_aHB1283 _b.A5 |
| 110 | 1 |
_aEgypt. _bMaṣlaḥat al-Iḥṣāʼ wa-al-Taʻdād. |
|
| 245 | 1 | 3 | _aal-Natāʼij al-awwalīyah al-tafṣīlīyah li-iḥṣāʼāt al-zawāj wa-al-ṭalāq. |
| 260 | _c1962 | ||
| 300 |
_a1 v. (unpaged) tables. _c34 cm. |
||
| 651 | 0 |
_aEgypt _xStatistics, Vital. |
|
| 999 |
_c47006 _d47006 |
||